Anglicko-slovenský počítačový slovník /

Saved in:
Bibliographic Details
Main Authors: Ragan, Ján (Author), Beláková, Margita (Author)
Format: Book
Language:Multiple languages
Published: Bratislava : Alfa, 1992
Edition:1.vyd.
Series:Edícia prekladových slovníkov
Tags: Add Tag
No Tags, Be the first to tag this record!

MARC

LEADER 00000nam a22000003a 4500
001 stu3179
005 20150617225616.1
008 930305s1992----cs------------------mul-d
020 |a 80-05-01105-9 
040 |a STU  |b slo 
041 0 |a mul 
044 |a cs 
080 |a 801.316.4=20=854  |7 stu_us_auth*stu8144 
080 |a 681.3 
100 1 |a Ragan, Ján  |4 aut 
245 1 |a Anglicko-slovenský počítačový slovník /  |c [aut.] Ragan,Ján; Beláková,Margita 
250 |a 1.vyd. 
260 |a Bratislava :  |b Alfa,  |c 1992 
300 |a 68 s 
700 1 |a Beláková, Margita  |4 aut 
830 0 |a Edícia prekladových slovníkov 
996 |b 284EK06958  |c E*77898  |l EE01  |s A  |a 24  |w stu3179_0003 
996 |b E78058  |c E*78058  |l EE05  |s P  |a 0  |w stu3179_0006